01656nam a2200433Ia 4500001001200000003000800012006001900020007001500039008004100054020001800095020001800113040002100131035002100152050002400173245006600197246003600263260004300299300001500342490003900357500004100396533015200437650003100589650003400620650003700654650002600691650002300717650003400740650003500774650004300809650004300852655002900895710001600924710004100940710004700981710001701028730003401045856012601079999001701205ebr10309178CaPaEBRm u cr cn|||||||||091016s2009 dcu s 000 0 eng d z9780821378724 z9780821378731 aCaPaEBRcCaPaEBR a(OCoLC)56799922014aHQ1101b.L58 2009eb04aThe little data book on gender.n2009h[electronic resource].3 aLittle data book on gender.n09 aWashington, D.C. :bWorld Bank,c2009. avi, 230 p.0 alittle data book on gender ;v2009 a"From World Development Indicators." aElectronic reproduction.bPalo Alto, Calif. :cebrary,d2013.nAvailable via World Wide Web.nAccess may be limited to ebrary affiliated libraries. 0aBirth controlvStatistics. 0aFertility, HumanvStatistics. 0aReproductive healthvStatistics. 0aSex rolevStatistics. 0aWomenvStatistics. 0aWomenxEducationvStatistics. 0aWomenxEmploymentvStatistics. 0aWomenxHealth and hygienevStatistics. 0aWomenxPolitical activityvStatistics. 7aElectronic books.2local2 aWorld Bank.2 aWorld Bank.bDevelopment Data Group.2 aWorld Bank.bGender and Development Group.2 aebrary, Inc.0 aWorld development indicators.40uhttp://site.ebrary.com/lib/rucke/Doc?id=10309178zAn electronic book accessible through the World Wide Web; click to view c61192d61192